FORD COUNTY (Record no. 2374)
[ view plain ]
| 000 -LEADER | |
|---|---|
| fixed length control field | 00612nam a22001457a 4500 |
| 020 ## - INTERNATIONAL STANDARD BOOK NUMBER | |
| ISBN | 978-0-09-954793-8 |
| 082 ## - DEWEY DECIMAL CLASSIFICATION NUMBER | |
| Classification number | 823 |
| Item number | GRI/F |
| 100 ## - MAIN ENTRY--AUTHOR NAME | |
| Personal name | GRISHAM, JOHN |
| 245 ## - TITLE STATEMENT | |
| Title | FORD COUNTY |
| 260 ## - PUBLICATION, DISTRIBUTION, ETC. (IMPRINT) | |
| Place of publication | LONDON |
| Name of publisher | ARROW BOOKS |
| 300 ## - PHYSICAL DESCRIPTION | |
| Number of Pages | 344 |
| 520 ## - SUMMARY, ETC. | |
| Summary, etc | Three good ol' boys from rural Ford County begin a journey to the big city of Memphis to give blood to a grievously injured friend. However, they are unable to drive past a beer store as the trip takes longer and longer. The journey comes to an abrupt end when they make a fateful stop at a Memphis strip club. |
| 650 ## - SUBJECT ADDED ENTRY--TOPICAL TERM | |
| Topical Term | NOVEL,ENGLISH |
| Geographic subdivision | LONDON |
| 942 ## - ADDED ENTRY ELEMENTS (KOHA) | |
| Koha item type | Books |
| Withdrawn status | Lost status | Collection code | Home library | Current library | Shelving location | Date acquired | Source of acquisition | Full call number | Accession Number | Koha item type |
|---|---|---|---|---|---|---|---|---|---|---|
| Fiction | Main Library | Main Library | SHELF-2-D ENGLIAH NOVELS FOR TEACHERS | 17/06/2010 | PURCHASE | 823 GRI/F | 05382 | Books |